[Event "Nuoro Olbia Oristano Province-ch"]
[Site "Siniscola"]
[Date "2015.02.14"]
[Round "5"]
[White "Moro, Gabriel"]
[Black "Corbo, Giuseppe"]
[Result "0-1"]
[WhiteElo "1479"]
[BlackElo "1468"]
[PlyCount "49"]
[EventDate "2015.02.07"]
[EventType "swiss"]
[EventRounds "7"]
[EventCountry "ITA"]
[SourceTitle "EXT 2017"]
[Source "ChessBase"]
[SourceDate "2016.10.25"]
[SourceVersion "1"]
[SourceVersionDate "2016.10.25"]
[SourceQuality "1"]

1. c4 Nf6 2. Nf3 g6 3. d4 c6 4. Bg5 Bg7 5. e3 d5 6. Nc3 Bg4 7. h3 Bf5 8. Qb3 Qb6 9. Qxb6 axb6 10. Bxf6 Bxf6 11. cxd5 c5 12. Bb5+ Bd7 13. Bxd7+ Nxd7 14. Ne4 Bg7 15. 0-0 f5 16. Nfg5 fxe4 17. Ne6 Kf7 18. Nxg7 Kxg7 19. dxc5 bxc5 20. a3 Rhd8 21. Rac1 b6 22. f3 Nf6 23. fxe4 Nxe4 24. Rf4 Ng3 25. e4 0-1

[Event "Nuoro Olbia Oristano Province-ch"]
[Site "Siniscola"]
[Date "2015.02.07"]
[Round "1"]
[White "Corbo, Giuseppe"]
[Black "Bellu, Marco"]
[Result "0-1"]
[WhiteElo "1468"]
[BlackElo "1781"]
[PlyCount "44"]
[EventDate "2015.02.07"]
[EventType "swiss"]
[EventRounds "7"]
[EventCountry "ITA"]
[SourceTitle "EXT 2017"]
[Source "ChessBase"]
[SourceDate "2016.10.25"]
[SourceVersion "1"]
[SourceVersionDate "2016.10.25"]
[SourceQuality "1"]

1. e4 c5 2. Nf3 Nc6 3. d4 cxd4 4. Nxd4 Nf6 5. Nc3 e5 6. Nf3 Bb4 7. Bg5 h6 8. Bh4 0-0 9. Bd3 Be7 10. Qd2 Nxe4 11. Bxe7 Nxd2 12. Bxd8 Nxf3+ 13. gxf3 Rxd8 14. 0-0-0 d5 15. Be2 Be6 16. Rhg1 Rac8 17. Kb1 Nd4 18. f4 Rxc3 19. Rxd4 exd4 20. bxc3 dxc3 21. Bf3 d4 22. Bxb7 Rb8 0-1

[Event "Ozieri op 13th"]
[Site "Ozieri"]
[Date "2014.08.02"]
[Round "7"]
[White "Pisano, Claudio"]
[Black "Corbo, Giuseppe"]
[Result "1/2-1/2"]
[WhiteElo "1628"]
[BlackElo "1441"]
[PlyCount "41"]
[EventDate "2014.07.31"]
[EventType "swiss"]
[EventRounds "7"]
[EventCountry "ITA"]
[SourceTitle "EXT 2016"]
[Source "ChessBase"]
[SourceDate "2015.10.08"]
[SourceVersion "1"]
[SourceVersionDate "2015.10.08"]
[SourceQuality "1"]

1. e4 e5 2. Bc4 Nf6 3. Nc3 Bc5 4. Nf3 d6 5. d3 0-0 6. 0-0 a6 7. Bg5 b5 8. Bd5 c6 9. Bb3 Bg4 10. h3 Be6 11. Bxe6 fxe6 12. a3 d5 13. b4 Bb6 14. Ne2 Nbd7 15. c3 Qe8 16. Bxf6 Rxf6 17. Ng3 Rg6 18. d4 dxe4 19. Nxe4 exd4 20. Nxd4 Ne5 21. Qe2 1/2-1/2